Výrazné rezervy pre rozvoj turizmu

V Správe o konkurencieschopnosti, ktorú vydalo Svetové ekonomické fórum, sú definované oblasti, kde má Slovensko rezervy. Najdôležitejšie: dostupnosť krajiny, krajinotvorba a životné prostredie, podpora infraštruktúry, turistické atrakcie.

Gespeichert in:
Bibliographische Detailangaben
1. Verfasser: Rusinko, Stanislav
Format: Buchkapitel
Sprache:Slowakisch
Schlagworte:
Tags: Tag hinzufügen
Keine Tags, Fügen Sie das erste Tag hinzu!

MARC

LEADER 00000naa a2200000 4500
001 0168838
005 20231113081616.5
041 0 |a slo 
044 |a SK 
245 1 0 |a Výrazné rezervy pre rozvoj turizmu  |c Stanislav Rusinko 
520 |a V Správe o konkurencieschopnosti, ktorú vydalo Svetové ekonomické fórum, sú definované oblasti, kde má Slovensko rezervy. Najdôležitejšie: dostupnosť krajiny, krajinotvorba a životné prostredie, podpora infraštruktúry, turistické atrakcie. 
610 2 0 |a konkurencieschopnosť 
610 2 0 |a ruch cestovný 
610 2 0 |a diaľnice 
610 2 0 |a infraštruktúra 
610 2 0 |a investície 
610 2 0 |a Slovensko 
100 1 |a Rusinko, Stanislav